000 00785nam a2200265 4500
003 OSt
005 20240724004901.0
006 a
008 240724b |||||||| |||| 00| 0 eng d
020 _a9781594867347
040 _aDWCL-Main lib.
_cOC
082 _aCirc. 363.73874 G666o 2009
100 _aAl Gore
245 _aOur choice: a plan to solve the climate crisis /
260 _aPA :
_bRodale,
_cc2009.
300 _b414 p. : col. ill. , col. maps ;
_c23 cm.
504 _aIncludes index.
650 _a1. Global warming.
650 _a2. Greenhouse effect, Atmosphere.
650 _a3. Environmental policy.
650 _a4. Environmental protection.
650 _a5. Human ecology.
650 _a6. Alternative lifestyles.
942 _2ddc
_n0
_cBK-CIRC
_kCirc.
999 _c2627
_d2627